000 01139njm a22002777a 4500
005 2010091801171.0
006 a|||||r|||||00| 0
007 sd ammalaaahaa
008 100831t xxu||||| |||| 00| 0 eng d
028 _aECLP.5949
_bHis Master's Voice
035 _aGR-03578
040 _aSED
_cSED
100 _aBhosle, Asha
_917690
245 _aLava /
_cby Asha Bhosle...[et.al]; music by Rahul Dev Burman; lyric by Anand Bakshi
_h[Sound Recording] :
246 _aलावा /आशा भोसले द्वारा
260 _aDum Dum India
_bHis Master's Voice
_c1984
300 _a1 sound disc (Gramophone Recording)
_banalog 33 1/3 rpm
_c12 in. (LP)
_fGramophone Record
500 _aBrief Record
500 _aRecord label:His Master's Voice;Red
505 _aSide-1 Jeene de yeh duniya (Asha Bhosle & Manmohan Singh) -- Side-2 Dil kya hai (Kishore Kumar, Shailendra Singh)
650 _aFilm songs
_xExcerpts
_zIndia
_917691
700 _aBurman, Rahul Dev
_920728
700 _aBakshi, Anand
_920730
942 _2ddc
_cGR
999 _c46839
_d46839